000 00669cab a2200229 4500
001 WB3243-45
008 090401t1967 xxu||||| |||| 00| 0 eng d
035 _a(Sirsi) u50397
041 _aeng
245 _aChesterton still at the top
260 _c1967
350 _a0
490 _aProperty Week
_v54(7) 15 November 1967, 2(1)
520 _aThe latest "Surveyors 500" ranks Chesterton as the largest employer of chartered surveyors.
650 _aABOUT RICS-RICS MEMBERS
650 _aLEAGUE TABLE
650 _aRANKING
650 _aSURVEYORS 500
690 _aMANAGEMENT-BUSINESS MANAGEMENT-PROFESSIONAL PRACTICE
942 _n0
948 _c04/03/1997
999 _c31451
_d31451